| 000 | 00409nam a2200121Ia 4500 | ||
|---|---|---|---|
| 008 | 220616s9999||||xx |||||||||||||| ||und|| | ||
| 100 | _aAlexander E. Berezin | ||
| 245 | 0 | _aVascular Access Surgery - Tips and Tricks | |
| 546 | _aEnglish[eng] | ||
| 650 | _aMedicine||Surgery||Vascular Surgery||Health Sciences | ||
| 856 | _uhttps://www.intechopen.com/books/vascular-access-surgery-tips-and-tricks | ||
| 942 | _cEB | ||
| 999 |
_c20346 _d20346 |
||